000 00386nam a22001457a 4500
005 20251112143629.0
008 251112b |||||||| |||| 00| 0 eng d
020 _a979-8-88715-067-3
100 _aDHINGRA, VANDANA
245 _aMANAGEMENT OF SEAFOOD SAFETY AND QUALITY
260 _aDUBLIN
_bORYSON PRESS
_c2023
300 _a310P.
500 _aINCLUDES AN INDEX
942 _2lcc
_cBK
999 _c216172
_d216172